000 00760nam a2200229Ia 4500
003 GCL
008 140319s9999 xx 000 0 ara d
040 _aGCL /
_cGCL
082 0 4 _a953.809
_bف ا
100 1 _aفاروق منجونة
245 1 0 _aانا كويتى ..مستقبل الكويت بين شقاء العنصرية والرجوع الى القومية /
_cفاروق منجونة
700 1 _aخالد الشامى
260 _a[S.N] :
_bمكتبة مدبولى
490 _a
650 0 4 _aالكويت
650 0 4 _aالعالم العربى
650 0 4 _aالاحوال السياسية
650 0 4 _aالتنمية الاقتصادية
650 0 4 _aالبترول
650 0 4 _aالقومية العربية
942 _2ddc
_cBK
999 _c30585
_d30585